POP jako součást budování image s nápadem
Budovanie imidžu spoločnosti prostredníctvom firemnej komunikácie. Identita značky výrobku či služby. Formy integrovanej komunikácie: firemné akcie, konferencie, prezentácie, výstavy, vernostné programy. POP materiály ako súčasť firemnej komunikácie.
Gespeichert in:
| 1. Verfasser: | |
|---|---|
| Format: | Buchkapitel |
| Sprache: | Tschechisch |
| Schlagworte: | |
| Tags: |
Keine Tags, Fügen Sie das erste Tag hinzu!
|
MARC
| LEADER | 00000naa$a2200000$$$4500 | ||
|---|---|---|---|
| 001 | 0036814 | ||
| 005 | 20231016104447.5 | ||
| 041 | 0 | |a cze | |
| 044 | |a CZ | ||
| 245 | 1 | 0 | |a POP jako součást budování image s nápadem |c Barbora Skalníková |
| 520 | |a Budovanie imidžu spoločnosti prostredníctvom firemnej komunikácie. Identita značky výrobku či služby. Formy integrovanej komunikácie: firemné akcie, konferencie, prezentácie, výstavy, vernostné programy. POP materiály ako súčasť firemnej komunikácie. | ||
| 610 | 2 | 0 | |a marketing |
| 610 | 2 | 0 | |a nástroje marketingové |
| 610 | 2 | 0 | |a komunikácia firemná |
| 610 | 2 | 0 | |a komunikácia marketingová |
| 610 | 2 | 0 | |a podpora predaja |
| 610 | 2 | 0 | |a imidž |
| 610 | 2 | 0 | |a identita podniková |
| 610 | 2 | 0 | |a značky výrobkov |
| 100 | 1 | |a Skalníková, Barbora | |